Spanish Basics Flashcards Quiz Stats

 Plays Quiz Updated Dec 18, 2018

Support Sporcle.
Go Orange.
Score 0/50 Timer 07:00
9 Plays Today
% Correct
no
87.4%
nada
84.8%
y
84.2%
nuevo
82.9%
primero
82.7%
mucho
81.8%
yo
81.3%
o
80.4%
con
79.7%
tiempo
79%
más
77.3%
poco
76.9%
porque
76.4%
donde
76.3%
menos
73.9%
en
73.1%
de
73%
cuando
72.9%
ahora
72.6%
otro
72%
el|la
72%
hacer
71.8%
nuestro
71.5%
muy
71.2%
siempre
70.4%
% Correct
todo
69.9%
a
68.9%
ir
68.6%
sin
68.5%
hoy
68.3%
ni
68%
también
67.9%
después
67.9%
pero
66.8%
ayer
66.5%
él
66%
ser|estar
64.9%
qué
60.4%
por|para
58.7%
este|esta
57.6%
un
57.4%
cosa
56.9%
como
56.2%
si
55.7%
su
52.7%
ese|esa
49.4%
cada
46.4%
casi
44.1%
acaso
41.5%
que
40.8%

From the Vault

Young to Old-Minefield (ASOIAF)

by mic747

Birthdays are important when you might be betrayed at any moment.
Remove Ads.
Support Sporcle.
Get the best of Sporcle when you Go Orange. This ad-free experience offers more features, more stats, and more fun while also helping to support Sporcle. Thank you for becoming a member.

Show Comments

Extras

Top Quizzes Today


Score Distribution

Your Account Isn't Verified!

In order to create a playlist on Sporcle, you need to verify the email address you used during registration. Go to your Sporcle Settings to finish the process.

Report this User

Report this user for behavior that violates our Community Guidelines.

Details: